Toutes les Communes de la Côte Méditerrannéenne Française (Sauf Corse) - Statistiques

Statistiques générales
  • Ce quiz a été pris 86 fois
    69 depuis la dernière actualisation
  • Le résultat moyen est 33 sur 88
Statistiques - réponses
Hint Commune % Correct
Marseille
93%
Nice
90%
Cannes
88%
Toulon
81%
Antibes
76%
! Menton
76%
Hyères
75%
Saint-Tropez
75%
! Saint-Raphaël
73%
Sète
73%
Cassis
71%
Narbonne
71%
Fréjus
69%
! La Ciotat
66%
Martigues
66%
! La-Grande-Motte
64%
- La-Seyne-sur-Mer
63%
Agde
61%
Arles
59%
Cagnes-sur-Mer
58%
Sainte-Maxime
56%
Argelès-sur-Mer
53%
! Le-Grau-du-Roi
49%
Collioure
47%
Palavas-les-Flots
46%
Fos-sur-Mer
44%
Frontignan
44%
Cerbère
42%
Mandelieu-la-Napoule
42%
Saint-Laurent-du-Var
42%
Sanary-sur-Mer
42%
Bandol
41%
Leucate
39%
Canet-en-Roussillon
37%
Saintes-Maries-de-la-Mer
37%
Èze
36%
Saint-Cyprien
36%
Le Lavandou
34%
Saint-Cyr-sur-Mer
34%
Banyuls-sur-Mer
32%
Gruissan
32%
Marseillan
32%
Port-de-Bouc
32%
Saint-Jean-Cap-Ferrat
32%
Six-Fours-les-Plages
32%
- Villefranche-sur-Mer
32%
Vallauris
31%
La Garde
29%
Port-Vendres
29%
Roquebrune-Cap-Martin
29%
Carry-le-Rouet
27%
Mauguio
27%
Port-Saint-Louis-du-Rhone
27%
Ramatuelle
27%
Bormes-les-Mimosas
25%
Cavalaire-sur-Mer
25%
Théoule-sur-Mer
25%
Beaulieu-sur-Mer
24%
Cap-d'Ail
24%
Cogolin
24%
Grimaud
24%
! Le Barcarès
24%
Port-la-Nouvelle
24%
Roquebrune-sur-Argens
24%
Sausset-les-Pins
24%
Villeneuve-Loubet
24%
Saint-Mandrier-sur-Mer
22%
Le Rove
20%
Valras-Plage
20%
Villeneuve-lès-Maguelone
20%
Ensuès-la-Redonne
19%
La Londe-les-Maures
17%
Le Pradet
17%
Vias
17%
Carqueiranne
15%
Elne
15%
La Croix-Valmer
15%
Ollioules
15%
Sainte-Marie-la-Mer
15%
Sérignan
15%
Vendres
15%
Gassin
12%
Torreilles
12%
! Fleury
8%
Portiragnes
8%
Rayol-Canadel-sur-Mer
8%
La Palme
5%
Vic-la-Gardiole
5%
Aucun quiz correspondant
Distribution des résultats
% des personnes avec chaque résultat
Percentile par nombre de réponses
Votre historique - résultats
Vous n’avez pas pris ce quiz depuis la dernière actualisation